000 00213nam a2200097Ia 4500
008 120527s9999 xx 000 0 und d
100 _aWATSON, Peter
245 _aAnimal traction
260 _bArtisan
942 _cBK
999 _c25201
_d25201